• 首页
  • 本馆介绍
  • 公告通知
  • 最新文献
  • 馆藏检索
  • 电子资源
  • 读者导购
  • 参考咨询
  • 我的图书馆
  • 登录
  • 详细信息显示
  • 放入我的书架
  • 预约/预借图书
  • 作者相关作品
  • 分类相关作品
  • 丛书相关作品
  • 出版社相关作品

书目信息

  • 表格格式
  • 工作单格式
  • 卡片格式
题名:
一般拓扑学基础
    
 
作者: 张德学 编著
分册:  
出版信息: 北京   科学出版社  2012.9
页数: 216页
开本: 24cm
丛书名: 大学数学科学丛书
单 册:
中图分类: O189.1
科图分类:
主题词: 拓扑--高等学校--教材 , 拓扑
电子资源:
ISBN: 978-7-03-035428-0
000 00930oam2 2200265 45
001 1360119749
005 20130530105920.29
010    @a978-7-03-035428-0@dCNY56.00
100    @a20130513d2012 em y0chiy50 ea
101 0  @achi
102    @aCN@b110000
105    @ay z 001yy
106    @ar
200 1  @a一般拓扑学基础@AYi Ban Tuo Pu Xue Ji Chu@f张德学编著@FZhang De Xue Bian Zhu
210    @a北京@c科学出版社@d2012.9
215    @a216页@d24cm
225 2  @a大学数学科学丛书@v31
330    @a本书主要介绍一般拓扑学中最基本的概念和内容,包括必要的集论预备、拓扑空间的基本概念、生成拓扑空间的方法、基本拓扑性质等内容。全书共8章,涉及集合与映射、度量空间、度量化定理、收敛理论、基本群等知识。
461  0 @12001 @a大学数学科学丛书
606 0  @a拓扑@x高等学校@j教材
606 0  @a拓扑
690    @aO189.1@v5
701  0 @a张德学@AZhang De Xue@4编著
801    @aCN@bTANGWEI@c20130522
905    @b0834536-38@dO189.1@e66@f3
    
    一般拓扑学基础/张德学编著.-北京:科学出版社,2012.9
    216页;24cm.-(大学数学科学丛书;31)
    
    
    ISBN 978-7-03-035428-0:CNY56.00
    本书主要介绍一般拓扑学中最基本的概念和内容,包括必要的集论预备、拓扑空间的基本概念、生成拓扑空间的方法、基本拓扑性质等内容。全书共8章,涉及集合与映射、度量空间、度量化定理、收敛理论、基本群等知识。
●
相关链接 在E读中查询图书 在五车中查询图书 在当当中查询图书 在豆瓣中查询图书


正题名:一般拓扑学基础     索取号:O189.1/66         预约/预借

序号 登录号 条形码 馆藏地/架位号 状态 备注
1 0834536   208345361   第二样本阅览室/ [索取号:O189.1/66] 在馆    
2 0834537   208345370   第三借阅区/ [索取号:O189.1/66] 在馆    
3 0834538   208345389   密集书库—数信学院/ [索取号:O189.1/66] 在馆    
唐山师范学院图书馆 欢迎您!
大连网信软件有限公司© 版权所有